Estudio científico del suelo (Record no. 78742)

MARC details
000 -LEADER
campo de control de longitud fija 00707nam a2200181 i 4500
001 - NÚMERO DE CONTROL
campo de control 78742
003 - IDENTIFICADOR DE NÚMERO DE CONTROL
campo de control ES-MaACL
005 - FECHA Y HORA DE LA ÚLTIMA TRANSACCIÓN
campo de control 20230906173811.0
007 - CAMPO FIJO DE DESCRIPCIÓN FÍSICA--INFORMACIÓN GENERAL
campo de control de longitud fija t|
008 - DATOS DE LONGITUD FIJA--INFORMACIÓN GENERAL
campo de control de longitud fija 041015s1948 sp ||||1| spa d
100 1# - ENTRADA PRINCIPAL--NOMBRE DE PERSONA
Nombre de persona Hall, A. D.
9 (RLIN) 61552
245 10 - MENCIÓN DEL TÍTULO
Título Estudio científico del suelo
Resto del título : una introducción al estudio del crecimiento de las cosechas /
Mención de responsabilidad, etc. A.D. Hall ; nueva edición revisada por G.W. Robinson ; traducida del inglés por José García-Vicente.
260 ## - PUBLICACIÓN, DISTRIBUCIÓN, ETC.
Lugar de publicación, distribución, etc. Madrid :
Nombre del editor, distribuidor, etc. M. Aguilar,
Fecha de publicación, distribución, etc. [1948] (
Fabricante Selecciones Gráficas)
300 ## - DESCRIPCIÓN FÍSICA
Extensión XXIII, 340 p., 2 lám. :
Otras características físicas il. ;
Dimensiones 22 cm.
700 1# - ENTRADA AGREGADA--NOMBRE PERSONAL
Nombre de persona Robinson, G. W.
9 (RLIN) 97887
700 1# - ENTRADA AGREGADA--NOMBRE PERSONAL
Nombre de persona García Vicente, José.
9 (RLIN) 55398
852 ## - LOCALIZACIÓN
Ubicación ES-MaACL
Número de control de estantería C-5655
Sublocalización o colección R.26333
Holdings
Estatus retirado Estado de pérdida Estado de daño No para préstamo Biblioteca de origen Biblioteca actual Ubicación en estantería Fecha de adquisición Fuente de adquisición Total de préstamos Signatura topográfica completa Código de barras Visto por última vez Precio de reemplazo Tipo de ítem Koha
        Biblioteca del Ateneo de Madrid Biblioteca del Ateneo de Madrid Sala Palomar 17/01/2008     C-5655 1082353 23/02/2023 23/02/2023 Libro impreso